Els carrers del territori : 150 anys de carreteres locals 150 anys de carreteres locals
Descripción Física:
1 targeta postal ; il. col. ; 15 x 11 cm.
Idioma:
Catalán
MARC
| LEADER | 00000nkm a22000007a 4500 | ||
|---|---|---|---|
| 001 | 27175 | ||
| 003 | Arxiu | ||
| 005 | 20260324181148.0 | ||
| 008 | 221227b spa||||| |||| 00| 0 cat d | ||
| 017 | |a B 8501-2013 | ||
| 040 | |a agdb |b cat | ||
| 245 | |a Els carrers del territori : |b 150 anys de carreteres locals | ||
| 260 | |a Barcelona : |b Institut del Teatre ; |c 2013 | ||
| 300 | |a 1 targeta postal ; |b il. col. ; |c 15 x 11 cm. | ||
| 500 | |a Postal de l'exposició "Els carrers del territori" duta a terme del 21 de març al 27 de juliol de 2013 a Can Serra. | ||
| 650 | 0 | |a Carreteres |z Barcelona (Província) |x Història |9 37208 | |
| 655 | 0 | |9 52685 |a Targetes postals | |
| 710 | 1 | |a Barcelona (Catalunya : Província). |b Diputació |9 52408 | |
| 942 | |2 udc |c ARXIU |n 1 | ||
| 952 | |0 0 |1 0 |2 udc |4 0 |6 NBM1695 |7 1 |9 64916 |a Arxiu |b Arxiu |d 2022-12-27 |l 0 |o NBM-16-95 |p 27175 |r 2022-12-27 00:00:00 |w 2022-12-27 |y ARXIU | ||
| 999 | |c 82876 |d 82876 | ||